=LDR 00000nam 2200000 4500 =001 NUTBA000000000000579 =005 20140325172405.0 =006 =007 =008 =020 ##$$a 978-979-22-3546-3 =035 ##$$a 0010-031400000000578 =084 ##$$a 641.5 =100 ##$$a Made Astawan =245 ##$$a Khasiat makanan menta =260 ##$$a Jakarta $b Gramedia pustaka utama $c 2008 =300 ##$$a 361 Hlm $b ilus $c 21 Cm =990 ##$$a 91662/BPAP-NTB/2014